| 000 | 00483cam a2200205 4500 | ||
|---|---|---|---|
| 001 | B332 | ||
| 008 | 090401t1986 xxu||||| |||| 00| 0 eng d | ||
| 035 | _a(Sirsi) u35045 | ||
| 041 | _aeng | ||
| 050 | _a333.337 | ||
| 110 |
_aDebenham Tewson and Chinnocks _93135 |
||
| 245 | _aShops rents and rates 1978 - 1986 | ||
| 260 |
_aLondon _bDTC _c1986 |
||
| 300 | _a24p. ; 30cm. | ||
| 350 | _a10 | ||
| 650 | _aRATES AND RATING | ||
| 650 | _aRENT | ||
| 942 | _n0 | ||
| 948 | _c04/03/1997 | ||
| 999 |
_c90028 _d90028 |
||